| 000 | 00604nam a22002297a 4500 | ||
|---|---|---|---|
| 005 | 20260428172915.0 | ||
| 008 | 150505b2014 xxu||||| |||| 00| 0 spa d | ||
| 020 | _a9789875914551 | ||
| 041 | _aESP | ||
| 082 | _a371.33 C896j | ||
| 100 |
_aCratty, Bryant J. _935080 |
||
| 245 | _aJuegos didácticos activos: jugar es la forma mas eficaz y divertida de aprender | ||
| 260 | _aArgentina | ||
| 260 | _bBrujas | ||
| 260 | _c2014 | ||
| 300 | _a188 páginas | ||
| 490 | _aTemática General | ||
| 650 | _aJUEGOS DIDACTICOS | ||
| 650 | _aEDUCACIÓN | ||
| 650 | _aAPRENDER JUGANDO | ||
| 942 |
_cBK _2ddc |
||
| 999 |
_c5137 _d5137 |
||